Translation and Gender: translating in the Era of Feminism
Gardado en:
| Autor Principal: | |
|---|---|
| Formato: | Libro |
| Idioma: | inglés |
| Publicado: |
Manchester
St. Jerome Publishing
1997
Ottawa University of Ottawa Press 1997 |
| Edición: | 1a. ed |
| Series: | Translation Theories Explained, 2
|
| Subjects: | |
| Tags: |
Engadir etiqueta
Sen Etiquetas, Sexa o primeiro en etiquetar este rexistro!
|
MARC
| LEADER | 00000cam a2200000 a 4500 | ||
|---|---|---|---|
| 001 | UCC7319 | ||
| 003 | CL-VaPUC | ||
| 008 | 190322e19970000uk |||||||||||||||||eng|d | ||
| 020 | |a 1900650053 | ||
| 082 | 0 | 4 | |a 418.02 |b FLO |2 21 |
| 100 | 0 | |a Flotow, Luise von |e author |9 601876 | |
| 245 | 1 | 0 | |a Translation and Gender: translating in the Era of Feminism |
| 250 | |a 1a. ed | ||
| 300 | |a 114 p | ||
| 942 | |c BK | ||
| 945 | |d 20190322 14:57:00 |a dcastane | ||
| 260 | |a Manchester |b St. Jerome Publishing |c 1997 | ||
| 260 | |a Ottawa |b University of Ottawa Press |c 1997 | ||
| 650 | 0 | |a Traducción e interpretación |9 315998 | |
| 650 | 0 | |a Feminismo |9 259085 | |
| 583 | |a last modification |c 20190401 10:01:46 |k Rodrigo Vera | ||
| 490 | 0 | |a Translation Theories Explained, 2 | |
| 999 | |c 373989 |d 373987 | ||
| 952 | |0 0 |1 0 |3 erb |4 0 |6 418_020000000000000_FLO_1997_1997 |7 0 |8 A |9 492329 |a BIBEDU |b BIBEDU |i 5537584 |l 5 |o 418.02 FLO 1997 1997 |p 5537584 |r 2024-10-07 |s 2024-10-03 |w 2019-11-24 |y BK |z Catalogado en:20190322 |k CIT | ||